000
00348cam a2200169ua 4500
041
_a
mal
_h
082
_a
894.8124
_b
VAS/PA
100
_a
Vasudevan nair, M T .
245
_a
Pathanam
250
_a
1 /
_b
.
260
_a
:
_b
Current books ,
_c
1983.
300
_a
145 ; .
504
_a
650
_a
Novel
942
_c
BK
999
_c
216
_d
216